00000000nam 2200000zi 4500
0019.946650
003CaOODSP
00520250121091710
006m     o  d f      
007cr bn|||||||||
008250108t19771977onc     o    f001 0 eng d
022 |z0700-1304
040 |aCaOODSP|beng|erda|cCaOODSP
043 |an-cn---
0861 |aNR24-84/1977E-PDF
24500|aResidential Standards Canada 1977 / |cissued by the Associate Committee on the National Building Code, National Research Council of Canada.
250 |aFourth edition 1977.
264 1|aOttawa, Canada : |bNational Research Council of Canada, |c1977.
264 4|c©1977
300 |a1 online resource (vii, 208 pages)
336 |atext|btxt|2rdacontent
337 |acomputer|bc|2rdamedia
338 |aonline resource|bcr|2rdacarrier
500 |aIssued also in French under title: Normes de construction résidentielle Canada 1977.
500 |aDigitized edition from print [produced by National Research Council of Canada].
500 |a"First edition 1965, second edition 1970, third edition 1975."
500 |aIncludes index.
520 |a"The 1977 edition of Residential Standards replaces the 1975 edition. It has been prepared by the Standing Committee on Housing and Small Buildings, which is responsible to the Associate Committee on the National Building Code, under whose auspices this document was published. Residential Standards contains the requirements for buildings of residential occupancy from Part 9 of the National Building Code of Canada 1977, which appear in bold-face type. It also contains requirements (in light-face type) going beyond the scope of the National Building Code, which are considered necessary to regulate residential construction under the National Housing Act. Where it has been necessary to change the wording of Part 9 requirements to reflect the broader scope of this document, this wording is shown in light-face type. Thus the document is not intended to be used to regulate construction under a municipal bylaw, and where the Part 9 requirements only are to be applied, reference should always be made to the National Building Code itself"--Preface, page vii.
650 0|aBuilding laws|zCanada.
650 0|aBuilding materials|xStandards|zCanada.
650 0|aHouse construction|xStandards|zCanada.
7102 |aNational Research Council of Canada. |bAssociate Committee on the National Building Code, |eissuing body.
77508|tNormes de construction résidentielle Canada 1977 / |w(CaOODSP)9.946661
794 |tResidential Standards 1980 / |w(CaOODSP)9.946679
795 |tResidential Standards Canada 1975 / |w(CaOODSP)9.946638
85640|qPDF|s11.3 MB|uhttps://publications.gc.ca/collections/collection_2025/cnrc-nrc/NR24-84-1977-eng.pdf
986 |aNRCC No. 15563